[Event "NOR-ch Klasse1"]
[Site "Stavanger"]
[Date "2017.07.05"]
[Round "6"]
[White "Svendsen, Per Gisle"]
[Black "Juriloo, Karl"]
[Result "1/2-1/2"]
[WhiteElo "1921"]
[BlackElo "2020"]
[PlyCount "27"]
[EventDate "2017.07.01"]
[EventType "swiss"]
[EventRounds "9"]
[EventCountry "NOR"]
[SourceTitle "EXT 2018"]
[Source "ChessBase"]
[SourceDate "2017.10.13"]
[SourceVersion "1"]
[SourceVersionDate "2017.10.13"]
[SourceQuality "1"]

1. d4 Nf6 2. c4 e6 3. Nf3 d5 4. Nc3 c5 5. cxd5 cxd4 6. Bd2 b6 7. h3 Qd6 8. Ng5 Qd7 9. Nf3 Qc7 10. Ne5 g5 11. g4 exd5 12. f3 Ne4 13. Nxf7 Nd7 14. Nd6+ 1/2-1/2

[Event "NOR-ch Klasse1"]
[Site "Stavanger"]
[Date "2017.07.01"]
[Round "1"]
[White "Juriloo, Karl"]
[Black "Hegvik, Leif Trygve"]
[Result "1/2-1/2"]
[WhiteElo "2020"]
[BlackElo "1923"]
[PlyCount "41"]
[EventDate "2017.07.01"]
[EventType "swiss"]
[EventRounds "9"]
[EventCountry "NOR"]
[SourceTitle "EXT 2018"]
[Source "ChessBase"]
[SourceDate "2017.10.13"]
[SourceVersion "1"]
[SourceVersionDate "2017.10.13"]
[SourceQuality "1"]

1. e4 c6 2. d4 d5 3. Nc3 dxe4 4. Nxe4 Bf5 5. Ng3 Nd7 6. Bd3 Bxd3 7. Qxd3 Ngf6 8. Bf4 e6 9. 0-0-0 Be7 10. Kb1 0-0 11. Be5 c5 12. Ne4 cxd4 13. Bxd4 Qc7 14. Nc3 a6 15. Bxf6 Nxf6 16. Qe2 b5 17. Ne4 Qc4 18. Qxc4 bxc4 19. Nd2 g6 20. Ne4 g5 21. g4 1/2-1/2

[Event "Fagernes Norsk op-B"]
[Site "Fagernes"]
[Date "2014.04.13"]
[Round "7"]
[White "Juriloo, Karl"]
[Black "Torgersen, Terje"]
[Result "0-1"]
[WhiteElo "1409"]
[BlackElo "1970"]
[PlyCount "102"]
[EventDate "2014.04.13"]
[EventType "swiss"]
[EventRounds "9"]
[EventCountry "NOR"]
[SourceTitle "EXT 2016"]
[Source "ChessBase"]
[SourceDate "2015.10.08"]
[SourceVersion "1"]
[SourceVersionDate "2015.10.08"]
[SourceQuality "1"]

1. d4 Nf6 2. Nf3 g6 3. g3 Bg7 4. Bg2 0-0 5. c4 c5 6. d5 b5 7. 0-0 bxc4 8. Ne5 d6 9. Nxc4 Ba6 10. Qc2 Nfd7 11. Nba3 Ne5 12. Rb1 Nxc4 13. Nxc4 Bxc4 14. Qxc4 Nd7 15. Bg5 Re8 16. Bd2 a5 17. Bc3 Qc7 18. Bxg7 Kxg7 19. Be4 Reb8 20. f4 Nf6 21. Bf3 Rb4 22. Qc2 Rab8 23. e4 Qb6 24. Rf2 Rd4 25. Rd2 Qb4 26. Rxd4 Qxd4+ 27. Qf2 Rb4 28. Qxd4 Rxd4 29. Re1 Rd2 30. b3 Rxa2 31. e5 Ng8 32. Re2 Ra3 33. Rb2 c4 34. Kf2 cxb3 35. Ke3 a4 36. Kd3 Ra1 37. Kc3 a3 38. Rxb3 Rc1+ 39. Kd2 a2 40. Kxc1 a1Q+ 41. Kc2 dxe5 42. fxe5 Qxe5 43. Kd2 Nf6 44. Rd3 Qb2+ 45. Ke3 Qxh2 46. g4 Qg1+ 47. Kf4 g5+ 48. Kxg5 Qc1+ 49. Kh4 Qc2 50. Rd1 Qf2+ 51. Kg5 Qxf3 0-1

[Event "Fagernes Norsk op-B"]
[Site "Fagernes"]
[Date "2014.04.13"]
[Round "8"]
[White "Kristiansen, Willy"]
[Black "Juriloo, Karl"]
[Result "1/2-1/2"]
[WhiteElo "2017"]
[BlackElo "1409"]
[PlyCount "21"]
[EventDate "2014.04.13"]
[EventType "swiss"]
[EventRounds "9"]
[EventCountry "NOR"]
[SourceTitle "EXT 2016"]
[Source "ChessBase"]
[SourceDate "2015.10.08"]
[SourceVersion "1"]
[SourceVersionDate "2015.10.08"]
[SourceQuality "1"]

1. e4 e5 2. Nf3 Nf6 3. Nc3 Nc6 4. Bb5 d6 5. 0-0 Be7 6. d4 0-0 7. Bxc6 bxc6 8. dxe5 Ng4 9. exd6 cxd6 10. h3 Nf6 11. Bg5 1/2-1/2

[Event "NOR-ch U20"]
[Site "Bergen"]
[Date "2005.09.11"]
[Round "6"]
[White "Skage, Oystein Aagedal"]
[Black "Juriloo, Karl"]
[Result "1-0"]
[WhiteElo "1082"]
[BlackElo "1548"]
[PlyCount "117"]
[EventDate "2005.09.09"]
[EventType "swiss"]
[EventRounds "6"]
[EventCountry "NOR"]
[SourceTitle "EXT 2006"]
[Source "ChessBase"]
[SourceDate "2005.11.24"]
[SourceVersion "1"]
[SourceVersionDate "2005.11.24"]
[SourceQuality "1"]

1. d4 Nf6 2. c4 c5 3. d5 b5 4. cxb5 a6 5. bxa6 d6 6. g3 g6 7. Bg2 Bg7 8. Nf3 Bxa6 9. 0-0 0-0 10. Nc3 Nbd7 11. h3 Nb6 12. Re1 Bc4 13. e4 Qd7 14. Nd2 Rfb8 15. Nxc4 Nxc4 16. Qe2 Na5 17. Be3 Ne8 18. Rac1 Nc7 19. f4 Rb7 20. e5 Nb5 21. Nxb5 Qxb5 22. Qxb5 Rxb5 23. exd6 exd6 24. b3 Nb7 25. Rc2 Rb4 26. Ree2 Na5 27. Bd2 Rb5 28. Bc3 Nb7 29. Bxg7 Kxg7 30. Bf1 c4 31. bxc4 Rba5 32. Kf2 Nc5 33. Ke1 Ra3 34. g4 Nd3+ 35. Kd2 Nxf4 36. Rh2 Rxa2 37. Ke3 Rxc2 38. Rxc2 g5 39. Kd4 Ra1 40. Bg2 Ra7 41. Be4 h5 42. gxh5 Nxh3 43. Rh2 g4 44. Rg2 Kh6 45. Rxg4 Kxh5 46. Rg8 Ng5 47. Rd8 Nxe4 48. Kxe4 Kg4 49. Rxd6 f5+ 50. Ke5 f4 51. Rf6 Re7+ 52. Kd6 Re4 53. c5 Kg5 54. Rf8 Kg4 55. c6 f3 56. c7 Rc4 57. c8Q+ Rxc8 58. Rxc8 f2 59. Rc1 1-0

[Event "NOR-ch U20"]
[Site "Bergen"]
[Date "2005.09.10"]
[Round "2"]
[White "Juriloo, Karl"]
[Black "Tande, Torkel Kvinge"]
[Result "1/2-1/2"]
[WhiteElo "1548"]
[BlackElo "1323"]
[PlyCount "98"]
[EventDate "2005.09.09"]
[EventType "swiss"]
[EventRounds "6"]
[EventCountry "NOR"]
[SourceTitle "EXT 2006"]
[Source "ChessBase"]
[SourceDate "2005.11.24"]
[SourceVersion "1"]
[SourceVersionDate "2005.11.24"]
[SourceQuality "1"]

1. e4 e5 2. Nf3 Nc6 3. Nc3 d6 4. d4 exd4 5. Nxd4 Nxd4 6. Qxd4 Nf6 7. Bg5 Be7 8. 0-0-0 h6 9. Bh4 0-0 10. e5 dxe5 11. Qxe5 Bd6 12. Bxf6 Qxf6 13. Qxf6 gxf6 14. Ne4 Bf4+ 15. Kb1 Kg7 16. g3 Bg4 17. Rd3 Bf5 18. gxf4 Bxe4 19. Rg1+ Kh7 20. Rd7 Rad8 21. Rxd8 Rxd8 22. Kc1 Rg8 23. Rg3 Rxg3 24. fxg3 f5 25. Kd2 Kg6 26. c3 Kf6 27. b4 Ke6 28. Ke3 b6 29. Kd4 Kd6 30. a4 a5 31. bxa5 bxa5 32. Bc4 f6 33. Bf7 Bc2 34. Bg6 Bxa4 35. Bxf5 Bb3 36. c4 a4 37. Kc3 Kc5 38. Be6 Bd1 39. g4 a3 40. h4 Kd6 41. Bf5 Kc5 42. h5 Kd6 43. g5 fxg5 44. fxg5 Ke7 45. gxh6 Kf8 46. Be6 c5 47. Bf5 Kg8 48. Bb1 Bxh5 49. Kb3 Bf7 1/2-1/2

[Event "NOR-ch U20"]
[Site "Bergen"]
[Date "2005.09.10"]
[Round "4"]
[White "Tofte, Sondre Waage"]
[Black "Juriloo, Karl"]
[Result "0-1"]
[WhiteElo "1618"]
[BlackElo "1548"]
[PlyCount "54"]
[EventDate "2005.09.09"]
[EventType "swiss"]
[EventRounds "6"]
[EventCountry "NOR"]
[SourceTitle "EXT 2006"]
[Source "ChessBase"]
[SourceDate "2005.11.24"]
[SourceVersion "1"]
[SourceVersionDate "2005.11.24"]
[SourceQuality "1"]

1. e4 e5 2. Nf3 Nc6 3. Bc4 Nf6 4. Nc3 Bc5 5. d3 d6 6. Bg5 Be6 7. Bb3 Na5 8. Qd2 Nxb3 9. axb3 Bb4 10. 0-0 Qd7 11. Rfe1 h6 12. Bh4 g5 13. Bg3 Nh5 14. d4 Nxg3 15. fxg3 g4 16. d5 gxf3 17. dxe6 Bc5+ 18. Kh1 fxg2+ 19. Qxg2 fxe6 20. Na4 Qc6 21. Qh3 0-0-0 22. Qxe6+ Kb8 23. Nc3 Bd4 24. Nd5 Qxc2 25. Nf6 Rhf8 26. Nd7+ Rxd7 27. Qxd7 Rf1+ 0-1